000 00483nam a2200181Ia 4500
001 8578
005 20260306160619.0
008 260306t2011||||xx |||||||||||||| ||spa||
041 _aESP
082 _a371.190973
_bE367
100 _aEpstein, Joyce L
_eAUT
245 0 _aSchool, family, and community partnerships:
_bpreparing educators and improving schools
260 _c2011
300 _a634 páginas :
_c25 cm.
650 _aGEN
654 _aCED
942 _cLIB
_dJUS
_fJUS
_2ddc
_n
999 _c8578
_d8578